al-Muslimūn fī Jazīrat Siqilliyah wa-janūb Iṭāliyā / (Record no. 50215)
[ view plain ]
| 000 -LEADER | |
|---|---|
| fixed length control field | 00713cam a22002411a 4500 |
| 001 - CONTROL NUMBER | |
| control field | ne 68001003 |
| 003 - CONTROL NUMBER IDENTIFIER | |
| control field | DLC |
| 005 - DATE AND TIME OF LATEST TRANSACTION | |
| control field | 20260227111839.0 |
| 008 - FIXED-LENGTH DATA ELEMENTS--GENERAL INFORMATION | |
| fixed length control field | 830608s1946 ti ab 000 0 ara |
| 010 ## - LIBRARY OF CONGRESS CONTROL NUMBER | |
| LC control number | ne 68001003 |
| 035 ## - SYSTEM CONTROL NUMBER | |
| System control number | (OCoLC)9590309 |
| 040 ## - CATALOGING SOURCE | |
| Original cataloging agency | DLC |
| Transcribing agency | CLU |
| Modifying agency | CLU |
| -- | DLC |
| 042 ## - AUTHENTICATION CODE | |
| Authentication code | premarc |
| 043 ## - GEOGRAPHIC AREA CODE | |
| Geographic area code | e-it--- |
| 050 00 - LIBRARY OF CONGRESS CALL NUMBER | |
| Classification number | DG867.11 |
| Item number | .M3 |
| 100 1# - MAIN ENTRY--PERSONAL NAME | |
| Personal name | Madanī, Aḥmad Tawfīq. |
| 245 13 - TITLE STATEMENT | |
| Title | al-Muslimūn fī Jazīrat Siqilliyah wa-janūb Iṭāliyā / |
| Statement of responsibility, etc. | Aḥmad Tawfīq al-Madanī. |
| 260 ## - PUBLICATION, DISTRIBUTION, ETC. | |
| Place of publication, distribution, etc. | Tūnis : |
| Name of publisher, distributor, etc. | Maktabat al-Istiqāmah, |
| Date of publication, distribution, etc. | 1946. |
| 300 ## - PHYSICAL DESCRIPTION | |
| Extent | 284 p. : |
| Other physical details | ill., maps ; |
| Dimensions | 23 cm. |
| 504 ## - BIBLIOGRAPHY, ETC. NOTE | |
| Bibliography, etc. note | Bibliography: p. 255-256. |
| 650 #0 - SUBJECT ADDED ENTRY--TOPICAL TERM | |
| Topical term or geographic name entry element | Arabs |
| Geographic subdivision | Italy |
| -- | Sicily. |
| 650 #0 - SUBJECT ADDED ENTRY--TOPICAL TERM | |
| Topical term or geographic name entry element | Arabs |
| Geographic subdivision | Italy. |
No items available.